Southville International School and Colleges
Your cart is empty.
  • Cart
  • Lists
    Public lists Eva Luna New books Lux_list list_1
    Your lists Log in to create your own lists
  • Log in to your account
  • Your cookies
  • Search history
Southville International School and Colleges
  • Advanced search
  • Recent comments
  • Most popular
  • Libraries

Log in to your account

Log in with GOOGLE


If you do not have an external account, but do have a local account, you can still log in:

  1. Home
  2. MARC view: The Most wonderful writing lessons ever :
Normal view MARC view ISBD view

The Most wonderful writing lessons ever : (Record no. 112989)

[ view plain ]
MARC details
000 -LEADER
fixed length control field 00612nam a2200193 a 4500
001 - CONTROL NUMBER
control field 4032
005 - DATE AND TIME OF LATEST TRANSACTION
control field 20140414131958.0
008 - FIXED-LENGTH DATA ELEMENTS--GENERAL INFORMATION
fixed length control field 081119s19uu xx 00 eng d
020 ## - INTERNATIONAL STANDARD BOOK NUMBER
International Standard Book Number 0-590-87304-0
050 ## - LIBRARY OF CONGRESS CALL NUMBER
Classification number TR 808
Item number M11 1999
100 ## - MAIN ENTRY--PERSONAL NAME
Personal name Mariconda, Barbara
245 ## - TITLE STATEMENT
Title The Most wonderful writing lessons ever :
Remainder of title grades 2-4 /
Statement of responsibility, etc Barbara Mariconda.
260 ## - PUBLICATION, DISTRIBUTION, ETC. (IMPRINT)
Place of publication, distribution, etc NY :
Name of publisher, distributor, etc Scholastic Proffesional Books,
Date of publication, distribution, etc 1999.
300 ## - PHYSICAL DESCRIPTION
Extent 128 p. ; ill.
440 ## - SERIES STATEMENT/ADDED ENTRY--TITLE
Title Scholastic Teaching Strategies
650 ## - SUBJECT ADDED ENTRY--TOPICAL TERM
Topical term or geographic name as entry element Creative Writing- - Juvenile literature
650 ## - SUBJECT ADDED ENTRY--TOPICAL TERM
Topical term or geographic name as entry element Languagearts-- Juvenile literature
Holdings
Withdrawn status Lost status Damaged status Use restrictions Home library Current library Shelving location Date acquired Source of acquisition Cost, normal purchase price Total Checkouts Full call number Barcode Date last seen Price effective from Koha item type
        Munich Library Munich Library Teachers Reference Section 01/04/2007   295.00   TR 808 M11 1999 M4418 04/14/2014 04/14/2014 Books

The Most wonderful writing lessons ever :

APA

Mariconda B., . (1999). The Most wonderful writing lessons ever. NY: Scholastic Proffesional Books.

Chicago

Mariconda Barbara, . 1999. The Most wonderful writing lessons ever. NY: Scholastic Proffesional Books.

Harvard

Mariconda B., . (1999). The Most wonderful writing lessons ever. NY: Scholastic Proffesional Books.

MLA

Mariconda Barbara, . The Most wonderful writing lessons ever. NY: Scholastic Proffesional Books. 1999.

  • Place hold
  • Print
  • Cite
  • Add to your cart (remove)
  • Save record
    BIBTEX Dublin Core MARCXML MARC (non-Unicode/MARC-8) MARC (Unicode/UTF-8) MARC (Unicode/UTF-8, Standard) MODS (XML) RIS
  • More searches
    Search for this title in:
    Other Libraries (WorldCat) Other Databases (Google Scholar) Online Stores (Bookfinder.com) Open Library (openlibrary.org)

Exporting to Dublin Core...

SOUTHVILLE LIBRARY

Southville International School and Colleges Library

1281 Tropical Ave. Cor. Luxembourg St., BF Homes International, Las Pinas City

Tel. No. 8256374 / 252358 Loc. 117/146

Powered by Koha